Najstarsi strzelcy Ligi Mistrzów - Statystyki

Ogólne statystyki
  • Ten quiz został rozwiązany 616 razy
  • Średni wynik to 5 z 10
Statystyki odpowiedzi
Zawodnik Narodowość Klub Wiek % Poprawnych
Robert Lewandowski Polska FC Barcelona 35 lat 6 miesięcy 20 dni
92%
Pepe Portugalia FC Porto 40 lat 9 miesięcy 17 dni
91%
Alexis Sánchez Chile Inter Mediolan 34 lat 11 miesięcy 10 dni
65%
Ángel Di María Argentyna SL Benfica 35 lat 9 miesięcy 28 dni
63%
Marco Reus Niemcy Borussia Dortmund 34 lat 9 miesięcy 11 dni
61%
Sergio Ramos Hiszpania Sevilla 37 lat 8 miesięcy 12 dni
58%
Marko Arnautovic Austria Inter Mediolan 34 lat 10 miesięcy 1 dzień
54%
Pedro Hiszpania SSC Lazio 36 lat 2 miesięcy 27 dni
33%
Olivier Giroud Francja AC Milan 37 lat 1 miesiąc 8 dni
17%
Castro Portugalia SC Braga 35 lat 6 miesięcy 1 dzień
1%
Nie znaleziono quizów pasujących do podanych kryteriów
Rozkład punktacji
Procent ludzi z każdym wynikiem
Percentyl według liczby udzielonych odpowiedzi
Twoja historia wyników
Nie rozwiązałeś tego quizu